LEADER 01159nam a2200277 u 4500 001 000000003862 003 CaOOAMICUS 005 20070226104604.0 008 940514s1955 gw u000 u ger u 035 $a10102448 040 $aMBU$bita$dNIC$dCStRLIN 100 1 $aMaier, Franz Georg,$d1926-$0(OLS)http://pul/name/4018 245 10$aAugustin und das antike Rom. 260 $a[Stuttgart] :$bW. Kohlhammer,$c[1955] 300 $a221 p. ;$c24 cm 490 1 $aTübinger Beiträge zur Altertumswissenschaft, ;$vHeft 39. 504 $aBibliography: p. 215-219. 600 04$aAugustinus,$cs., vesc. d'Ippona,$d354-430.$0(OLS)http://pul/subject/758 830 0$aTübinger Beiträge zur Altertumswissenschaft, ;$vHeft 39.$0(OLS)http://pul/title/5644 850 $aPUL 852 $aPUL$W1$xSL Religione 1$y3$m24 F 17$j5319$nBK-PRI$b $qStampati$B5319$CPULBib$Z2$F5319 $H $81 941 1 $a8 960 $aAgostino,$cs., vesc. d'Ippona,$d354-430$9758 961 $aINV: 335 996 $6245$aAugustin und das antike Rom$9(OLS)http://pul/title/5643 996 $6260$a[Stuttgart] :$bW. Kohlhammer$9(OLS)http://pul/publisher/50136 LEADER 01136nam a2200253 u 4500 001 000000040606 003 CaOOAMICUS 005 20070226114124.0 008 980528s1937 fr u000 u fre u 035 $a10796791 040 $aPUL(R)$bita 100 1 $aMichaélid&AGes-Nouaros, Georges.$0(OLS)http://pul/name/29971 245 10$aContribution à l'étude des pactes successoraux en droit byzantin (Justinien et post-Justinien) /$cGeorges Michaélid&AGes-Nouaros. 260 $aParis :$bEditions Héracl&AGes,$c1937. 300 $a231 p. ;$c25 cm 500 $aIncludes index. 504 $aBibliografia in nota. 650 4$aDiritto bizantino.$0(OLS)http://pul/subject/2206 850 $aPUL 852 $aPUL$W1$xDP2 Diritto e Scienze Sociali 1$y65$m188 F 38$j55163$nBK-PRI$qStampati$B55163$CPULBib$Z2$F55163 $H34543 $82 941 1 $a8 961 $aEx libris: Evaristi Carusi. 996 $6245$aContribution à l'étude des pactes successoraux en droit byzantin (Justinien et post-Justinien)$9(OLS)http://pul/title/54774 996 $6260$aParis :$bEditions Héracl&AGes$9(OLS)http://pul/publisher/64386